000 00247nam a2200121Ia 4500
100 _a#N/A
942 _cBK
245 _aCambridge University Press - Speaking Effectively
260 _b#N/A
082 _b21637
546 _aENGLISH
999 _c20905
_d20905